000 00681nam a2200157Ia 4500
008 151213s9999 xx 000 0 und d
082 _a658.15224
_b658.15224
100 _aOsnabrugge, M.V. & Robinson, R.J.
245 _aAngel investing : Matching Start - Up Finals With Start up- Compasses - The Guide for Entrepreneur Individual Investor & Venture Capitalists
_bMatching start-up funds with start-up companies the guide for entrepreneurs, individual investor & VA
_cOsnabrugge, M.V. & Robinson, R.J.
260 _aSan Francisco
_bJossey Bass
_c2000
300 _a1779 p.
650 _aFinance
650 _aFinance
700 _aOsnabrugge, M.V. & Robinson, R.J.
999 _c1308
_d1308